Economic And Enivornmental Impact Of Plastics In India: (Record no. 192767)

MARC details
000 -LEADER
fixed length control field 00743nam a22002297a 4500
005 - DATE AND TIME OF LATEST TRANSACTION
control field 20221003165854.0
010 ## - LCCN (DPL NO)
LC control number ENG-135282
020 ## - INTERNATIONAL STANDARD BOOK NUMBER
International Standard Book Number 9789389146516
Terms of availability 200.00
035 ## - SYSTEM CONTROL NUMBER
System control number EN-118814
037 ## - SOURCE OF ACQUISITION
Source of stock number/acquisition DBAD/PUB
082 ## - DEWEY DECIMAL CLASSIFICATION NUMBER
Classification number 333.7
245 ## - TITLE STATEMENT
Title Economic And Enivornmental Impact Of Plastics In India:
Statement of responsibility, etc Edited by P. Pattinathar [et.al...]
260 ## - PUBLICATION, DISTRIBUTION, ETC. (IMPRINT)
Place of publication, distribution, etc Madurai
Name of publisher, distributor, etc Shanlax Publications
Date of publication, distribution, etc 2019
270 ## - ADDRESS
Address 61, 66 T.P.K. Main Road, Vasantha Nagar
City Madurai
Postal code 625003
Electronic mail address publisher@shanlaxpublications.com
300 ## - PHYSICAL DESCRIPTION
Extent 167p.
Dimensions 24cm(pbk)
700 ## - ADDED ENTRY--PERSONAL NAME
Personal name Pattinathar, P.
700 ## - ADDED ENTRY--PERSONAL NAME
Personal name Babu, A. Satheesh
700 ## - ADDED ENTRY--PERSONAL NAME
Personal name Arunlmaran, M.
700 ## - ADDED ENTRY--PERSONAL NAME
Personal name Dhinakaran, N.
700 ## - ADDED ENTRY--PERSONAL NAME
Personal name Kumar, G. Ashok
942 ## - ADDED ENTRY ELEMENTS (KOHA)
Source of classification or shelving scheme Dewey Decimal Classification
Item type English Books
Classification part 333.7
Call number suffix ECO
Holdings
Withdrawn status Lost status Not for loan Collection code Home library Current library Date acquired Source of acquisition Cost, normal purchase price Full call number Barcode Copy number Cost, replacement price Koha item type
      Non-fiction Bawana Bawana 03/10/2022 DBAD/PUB 200.00 333.7 ECO EN-118814 1 200.00 English Books

© Delhi Public Library
Hit Counter
free hit counter